000 01241cam a22003253 4500
001 92003
005 20230411090049.0
008 100307s2010 xx 000 0 spa d
035 _a(OCoLC)ocn548642344
040 _aBTCTA
_beng
_cBTCTA
_dYDXCP
_dPL#
_dI5B
_dGXR
020 _a9788492884032
020 _a8492884037
035 _a(OCoLC)548642344
049 _aGRAL
245 0 0 _aGlobalizacion y defensa del medio ambiente en el derecho privado: aplicacion del principio "Quien contamina paga" y regimen de la responsabiblidad civil objetiva: derecho espanol, europeo, norteamericano y Japones.
246 _aGlobalization and environmental protection on private law.
260 _bDykinson Sl
_c2010.
300 _ap.374;
_c23 cm.
_ccm.
650 0 _aPollution
_xLaw and legislation.
650 0 _aPollution
_xPrevention.
650 0 _aEnvironmental policy.
650 0 _aLiability for environmental damages.
720 _aPerea, Agustin Viguri
938 _aBaker and Taylor
_bBTCP
_nBK0008826216
938 _aYBP Library Services
_bYANK
_n3179196
938 _aPuvill Libros
_bPUVL
_n9788492884032
_c$31.97
938 _aIberbook International S.L.
_bIBER
_nIB 100002475
_cUSD27,89
942 _2lcc
_cbk
994 _aC0
_bDRFGD
999 _c111855
_d111855